Quiz Ciné/Série par lettre - K - Statistiques

Statistiques générales
  • Ce quiz a été pris 76 fois
    5 depuis la dernière actualisation
  • Le résultat moyen est 12 sur 20
Statistiques - réponses
Questions Réponses % Correct
Uma Thurman face à Lucy Liu Kill Bill
100%
Oscarisé en 2003 pour "The Hours" elle a été marié à Tom Cruise Nicole Kidman
100%
"L'auberge espagnole" ou encore "Casse-tête chinois" Cédric Klapisch
75%
Célèbre actrice allemande née en 1976 Diane Kruger
75%
L'empereur Mégalo chez Disney Kuzco
75%
Papa de la série courte "Bref" Kyan Khojandi
75%
Nom de famille de la famille de "Ma Famille d'abord" Kyle
75%
Actrice française aperçu dans "9 mois ferme", "les Infidèles" ou encore "Pupille" Sandrine Kiberlain
75%
Réalisateur de "2001, l'Odyssée de l'espace" Stanley Kubrick
75%
Sorcier bulgare de l’école Durmstrang et attrapeur aguerri dans l’univers Harry Potter Viktor Krum
75%
Ville du Missouri qui donne son nom à une série et à un film Kansas City
50%
Prénom de Loach et de Watanabe Ken
50%
Jason Momoa dans Game of Thrones Khal Drogo
50%
En 2010, Matthew Vaughn met en scène un adolescent qui se prend pour un super-héros Kick-Ass
50%
La petite sorcière chez Miyazaki Kiki
50%
D'où viennent les neiges dans ce film de Robert Guédiguian Kilimandjaro
50%
Star du cinéma muet surnommé "l'homme qui ne rit jamais" Buster Keaton
25%
Il forme un duo de réalisateur original avec Benoît Delépine Gustave Kervern
25%
« Le coup le plus rusé que le Diable ait jamais réussi, ça a été de faire croire à tout le monde qu'il n'existe pas » Keyser Söze
25%
Alec Guinness dans le 4,5 et 6. Ewan McGregor dans le 1,2 et 3 Obi-Wan Kenobi
25%
Aucun quiz correspondant
Distribution des résultats
% des personnes avec chaque résultat
Percentile par nombre de réponses
Votre historique - résultats
Vous n’avez pas pris ce quiz depuis la dernière actualisation